Astronomia - Statistics

Statistiche generali
  • Questo quiz è stato fatto 85 volte
  • Il punteggio medio è 9 su 15
Statistiche sulle risposte
Hint Risposta % Corretto
Scienziato teorizzatore della Teoria della Relatività Albert Einstein
95%
Titano è un satellite di ... Saturno
91%
Lo è Andromeda... Galassia
81%
Elemento più comune dell'universo Idrogeno
75%
Per diventarlo, una stella deve avere una massa pari ad almeno 40 masse solari Buco Nero
72%
Sagittarius A* è il buco nero supermassiccio di questa galassia La Via Lattea
64%
Lo diventerà il sole al termine della sua vita Supernova
60%
L'astrofisico teorico britannico più autorevole degli ultimi anni, famoso per le sue ricerche su buchi neri e origini dell'universo Stephen Hawking
53%
Primo uomo nello spazio Yuri Gagarin
53%
Corpo celeste simile ad asteroide Cometa
52%
Se la materia entra in contatto con essa avviene l'annichilazione Antimateria
49%
La stella più vicina al sole è ... Proxima Centauri
48%
Agglomerato interstellare di polvere,idrogeno e plasma Nebulosa
45%
La sonda spaziale più lontana Voyager 1
40%
Anche detto "Ponte di Einstein-Rosen" Wormhole
29%
Nessun quiz corrispondente trovato
Distribuzione punteggi
Percentuale di utenti per punteggio
Percentile per numero di risposta
I tuoi punteggi nel tempo
Non hai fatto questo quiz